000 00656nam a2200289Ia 4500
005 20260324135548.0
008 008 260324s9999 xx 000 0 eng d
020 _a9781351310444
037 _aEBOOK
040 _aCRL
040 _beng
040 _cCRL
041 _2eng
041 _aeng
084 _qCRL
100 _aElizabeth Stevenson
_91195993
245 0 _aHenry James
245 4 _bThe Crooked Corridor
260 _bTaylor and Francis
260 _c2000
365 _a
365 _b230
856 _uhttp://www.taylorfrancis.com/books/9781351310444
942 _cEBOOK
999 _c1802266
_d1802266